Sustainable construction (Record no. 104996)

MARC details
000 -LEADER
fixed length control field 01067cam a2200229 4500
001 - CONTROL NUMBER
control field ##L132055
008 - FIXED-LENGTH DATA ELEMENTS--GENERAL INFORMATION
fixed length control field 051222n2004 000 0 eng u
020 ## - INTERNATIONAL STANDARD BOOK NUMBER
International Standard Book Number 0860176339
035 ## - SYSTEM CONTROL NUMBER
System control number (Sirsi) u132055
041 0# - LANGUAGE CODE
Language code of text/sound track or separate title eng
050 ## - LIBRARY OF CONGRESS CALL NUMBER
Classification number 691 $2 18
100 1# - MAIN ENTRY--PERSONAL NAME
Personal name Kersey, J.
245 00 - TITLE STATEMENT
Title Sustainable construction
Remainder of title implementing targets and indicators
-- experiences from CIRIA's Pioneers Club
260 ## - PUBLICATION, DISTRIBUTION, ETC.
Place of publication, distribution, etc. London
Name of publisher, distributor, etc. CIRIA
Date of publication, distribution, etc. 2004
300 ## - PHYSICAL DESCRIPTION
Extent 121p.
Other physical details ill, charts
Dimensions 30cm.
490 #0 - SERIES STATEMENT
Series statement CIRIA
Volume/sequential designation C633
490 #0 - SERIES STATEMENT
Series statement CIRIA Research Project
Volume/sequential designation 644
520 ## - SUMMARY, ETC.
Summary, etc. Report following CIRIA Research Project 644 "Sustainable construction targets and indicators". Describes the trialling of a set of key performance indicators for sustainable construction and distils the lessons learned to enable their dissemination to the wider industry. Uses a club of 10 major companies to share information from their extensive experiences.
690 ## - LOCAL SUBJECT ADDED ENTRY--TOPICAL TERM (OCLC, RLIN)
Topical term or geographic name as entry element BUILT ENVIRONMENT-SUSTAINABLE CONSTRUCTION
710 2# - ADDED ENTRY--CORPORATE NAME
Corporate name or jurisdiction name as entry element Construction Industry Research and Information Association
9 (RLIN) 4810
942 ## - ADDED ENTRY ELEMENTS (KOHA)
Suppress in OPAC 0
Holdings
Withdrawn status Lost status Source of classification or shelving scheme Damaged status Not for loan Home library Current library Shelving location Date acquired Total Checkouts Full call number Barcode Date last seen Date last checked out Copy number Price effective from Koha item type
    Dewey Decimal Classification     London London Folio 22/12/2005 2 F691 KER 30071770 06/08/2019 07/04/2008 1 06/08/2019 Book